[Event "Irena Warakomska Memorial B"]
[Site "Suwalki"]
[Date "2020.08.07"]
[Round "2"]
[White "Rak, Tomasz"]
[Black "Zapalowska, Wiktoria"]
[Result "1-0"]
[Board "21"]
[WhiteElo "1882"]
[WhiteCountry "POL"]
[WhiteFideId "1133560"]
[WhiteEloChange "2"]
[BlackElo "1250"]
[BlackCountry "POL"]
[BlackFideId "21895708"]
[BlackEloChange "-2"]

1. Nf3 {[%clk 1:30:30]} d5 {[%clk 1:30:30]} 2. d4 {[%clk 1:30:30]} Nf6 {[%clk
1:30:30]} 3. c4 {[%clk 1:30:30]} dxc4 {[%clk 1:30:30]} 4. Na3 {[%clk 1:30:30]} e6
{[%clk 1:30:30]} 5. Nxc4 {[%clk 1:30:30]} a6 {[%clk 1:30:30]} 6. g3 {[%clk
1:30:30]} b5 {[%clk 1:30:30]} 7. Nce5 {[%clk 1:30:30]} Bb7 {[%clk 1:30:30]} 8.
Bg2 {[%clk 1:30:30]} Nbd7 {[%clk 1:30:30]} 9. O-O {[%clk 1:30:30]} c5 {[%clk
1:30:30]} 10. Nxf7 {[%clk 1:30:30]} Kxf7 {[%clk 1:30:30]} 11. Ng5+ {[%clk
1:30:30]} Ke8 {[%clk 1:30:30]} 12. Bxb7 {[%clk 1:30:30]} Ra7 {[%clk 1:30:30]} 13.
Bg2 {[%clk 1:30:30]} e5 {[%clk 1:30:30]} 14. Ne6 {[%clk 1:30:30]} Qb6 {[%clk
1:30:30]} 15. d5 {[%clk 1:30:30]} Rg8 {[%clk 1:30:30]} 16. h3 {[%clk 1:30:30]}
Be7 {[%clk 1:30:30]} 17. Be3 {[%clk 1:30:30]} Nf8 {[%clk 1:30:30]} 18. Ng5 {[%clk
1:30:30]} h6 {[%clk 1:30:30]} 19. Nf3 {[%clk 1:30:30]} Bd6 {[%clk 1:30:30]} 20.
b4 {[%clk 1:30:30]} N8d7 {[%clk 1:30:30]} 21. Nh4 {[%clk 1:30:30]} Qb8 {[%clk
1:30:30]} 22. Qc2 {[%clk 1:30:30]} Rc7 {[%clk 1:30:30]} 23. Nf5 {[%clk 1:30:30]}
Rc8 {[%clk 1:30:30]} 24. Nxd6+ {[%clk 1:30:30]} Qxd6 {[%clk 1:30:30]} 25. bxc5
{[%clk 1:30:30]} Nxc5 {[%clk 1:30:30]} 26. Rac1 {[%clk 1:30:30]} Nfd7 {[%clk
1:30:30]} 27. Qh7 {[%clk 1:30:30]} Nf6 {[%clk 1:30:30]} 28. Qg6+ {[%clk 1:30:30]}
Ke7 {[%clk 1:30:30]} 29. Rc2 {[%clk 1:30:30]} Nfd7 {[%clk 1:30:30]} 30. Qh5
{[%clk 1:30:30]} Nf6 {[%clk 1:30:30]} 31. Qh4 {[%clk 1:30:30]} Kf7 {[%clk
1:30:30]} 32. Rfc1 {[%clk 1:30:30]} Nfd7 {[%clk 1:30:30]} 33. f4 {[%clk 1:30:30]}
g5 {[%clk 1:30:30]} 34. fxg5 {[%clk 1:30:30]} hxg5 {[%clk 1:30:30]} 35. Qh7+
{[%clk 1:30:30]} Rg7 {[%clk 1:30:30]} 36. Rf1+ {[%clk 1:30:30]} Nf6 {[%clk
1:30:30]} 37. Qf5 {[%clk 1:30:30]} Rc7 {[%clk 1:30:30]} 38. Bxc5 {[%clk 1:30:30]}
Rxc5 {[%clk 1:30:30]} 39. Qe6+ {[%clk 1:30:30]} Qxe6 {[%clk 1:30:30]} 40. dxe6+
{[%clk 1:30:30]} Kxe6 {[%clk 1:30:30]} 41. Rxc5 {[%clk 1:30:30]} Nh5 {[%clk
1:30:30]} 42. Rc6+ {[%clk 1:30:30]} Kd7 {[%clk 1:30:30]} 43. Rd1+ {[%clk
1:30:30]} Ke8 {[%clk 1:30:30]} 44. Rxa6 {[%clk 1:30:30]} Nxg3 {[%clk 1:30:30]}
45. Bc6+ {[%clk 1:30:30]} Kf7 {[%clk 1:30:30]} 46. Rd7+ {[%clk 1:30:30]} Kf6
{[%clk 1:30:30]} 47. Be4# {[%clk 1:30:30]} 1-0

[Event "Irena Warakomska Memorial B"]
[Site "Suwalki"]
[Date "2020.08.07"]
[Round "2"]
[White "Dietrich, Pawel"]
[Black "Kasperczyk, Szymon"]
[Result "0-1"]
[Board "22"]
[WhiteElo "1184"]
[WhiteCountry "POL"]
[WhiteFideId "21023182"]
[WhiteEloChange "-2"]
[BlackElo "1711"]
[BlackCountry "POL"]
[BlackFideId "21830231"]
[BlackEloChange "2"]

1. e4 {[%clk 1:30:30]} c5 {[%clk 1:30:30]} 2. Nf3 {[%clk 1:30:30]} Nc6 {[%clk
1:30:30]} 3. d4 {[%clk 1:30:30]} cxd4 {[%clk 1:30:30]} 4. Nxd4 {[%clk 1:30:30]}
Nf6 {[%clk 1:30:30]} 5. Nc3 {[%clk 1:30:30]} e5 {[%clk 1:30:30]} 6. Ndb5 {[%clk
1:30:30]} d6 {[%clk 1:30:30]} 7. Nd5 {[%clk 1:30:30]} Nxd5 {[%clk 1:30:30]} 8.
exd5 {[%clk 1:30:30]} Nb8 {[%clk 1:30:30]} 9. c4 {[%clk 1:30:30]} Be7 {[%clk
1:30:30]} 10. Be3 {[%clk 1:30:30]} O-O {[%clk 1:30:30]} 11. Bd3 {[%clk 1:30:30]}
f5 {[%clk 1:30:30]} 12. h4 {[%clk 1:30:30]} Nd7 {[%clk 1:30:30]} 13. h5 {[%clk
1:30:30]} a6 {[%clk 1:30:30]} 14. Nc3 {[%clk 1:30:30]} e4 {[%clk 1:30:30]} 15.
Bc2 {[%clk 1:30:30]} Ne5 {[%clk 1:30:30]} 16. Bd4 {[%clk 1:30:30]} Nxc4 {[%clk
1:30:30]} 17. Bb3 {[%clk 1:30:30]} Nxb2 {[%clk 1:30:30]} 18. Qd2 {[%clk 1:30:30]}
Nd3+ {[%clk 1:30:30]} 19. Kd1 {[%clk 1:30:30]} Bf6 {[%clk 1:30:30]} 20. Be3
{[%clk 1:30:30]} f4 {[%clk 1:30:30]} 21. Nxe4 {[%clk 1:30:30]} Nb2+ {[%clk
1:30:30]} 22. Kc1 {[%clk 1:30:30]} fxe3 {[%clk 1:30:30]} 23. Nxf6+ {[%clk
1:30:30]} Qxf6 {[%clk 1:30:30]} 24. Qxb2 {[%clk 1:30:30]} Qxb2+ {[%clk 1:30:30]}
25. Kxb2 {[%clk 1:30:30]} Rxf2+ {[%clk 1:30:30]} 26. Kc3 {[%clk 1:30:30]} Rxg2
{[%clk 1:30:30]} 27. Rae1 {[%clk 1:30:30]} e2 {[%clk 1:30:30]} 28. Kd2 {[%clk
1:30:30]} Bg4 {[%clk 1:30:30]} 29. h6 {[%clk 1:30:30]} Re8 {[%clk 1:30:30]} 30.
hxg7 {[%clk 1:30:30]} h5 {[%clk 1:30:30]} 31. Rhg1 {[%clk 1:30:30]} Rxg1 {[%clk
1:30:30]} 32. Rxg1 {[%clk 1:30:30]} Re5 {[%clk 1:30:30]} 33. Re1 {[%clk 1:30:30]}
Kxg7 {[%clk 1:30:30]} 34. Bc4 {[%clk 1:30:30]} b5 {[%clk 1:30:30]} 35. Bxe2
{[%clk 1:30:30]} Rxe2+ {[%clk 1:30:30]} 36. Rxe2 {[%clk 1:30:30]} Bxe2 {[%clk
1:30:30]} 37. Kxe2 {[%clk 1:30:30]} Kf6 {[%clk 1:30:30]} 0-1

[Event "Irena Warakomska Memorial B"]
[Site "Suwalki"]
[Date "2020.08.07"]
[Round "2"]
[White "Gladyszewski, Adam"]
[Black "Kopaczewski, Zbigniew"]
[Result "0-1"]
[Board "23"]
[WhiteElo "1174"]
[WhiteCountry "POL"]
[WhiteFideId "21856788"]
[WhiteEloChange "-3"]
[BlackElo "1464"]
[BlackCountry "POL"]
[BlackFideId "1154974"]
[BlackEloChange "3"]

1. d4 {[%clk 1:30:30]} e6 {[%clk 1:30:30]} 2. Nf3 {[%clk 1:30:30]} a6 {[%clk
1:30:30]} 3. c4 {[%clk 1:30:30]} c6 {[%clk 1:30:30]} 4. Nc3 {[%clk 1:30:30]} d5
{[%clk 1:30:30]} 5. Bf4 {[%clk 1:30:30]} dxc4 {[%clk 1:30:30]} 6. e3 {[%clk
1:30:30]} b5 {[%clk 1:30:30]} 7. Be2 {[%clk 1:30:30]} Nf6 {[%clk 1:30:30]} 8. h3
{[%clk 1:30:30]} Bb7 {[%clk 1:30:30]} 9. O-O {[%clk 1:30:30]} Nbd7 {[%clk
1:30:30]} 10. a4 {[%clk 1:30:30]} Nb6 {[%clk 1:30:30]} 11. Ne5 {[%clk 1:30:30]}
Nbd5 {[%clk 1:30:30]} 12. Bg5 {[%clk 1:30:30]} Be7 {[%clk 1:30:30]} 13. Bh4
{[%clk 1:30:30]} O-O {[%clk 1:30:30]} 14. Bf3 {[%clk 1:30:30]} Qc7 {[%clk
1:30:30]} 15. Ne4 {[%clk 1:30:30]} Nxe4 {[%clk 1:30:30]} 16. Bxe7 {[%clk
1:30:30]} Nxf2 {[%clk 1:30:30]} 17. Rxf2 {[%clk 1:30:30]} Qxe7 {[%clk 1:30:30]}
18. Qe2 {[%clk 1:30:30]} f6 {[%clk 1:30:30]} 19. Ng4 {[%clk 1:30:30]} c5 {[%clk
1:30:30]} 20. e4 {[%clk 1:30:30]} Nf4 {[%clk 1:30:30]} 21. Qe3 {[%clk 1:30:30]}
Nd3 {[%clk 1:30:30]} 22. Rd2 {[%clk 1:30:30]} cxd4 {[%clk 1:30:30]} 23. Qxd4
{[%clk 1:30:30]} Rfd8 {[%clk 1:30:30]} 24. Qb6 {[%clk 1:30:30]} Qc5+ {[%clk
1:30:30]} 25. Qxc5 {[%clk 1:30:30]} Nxc5 {[%clk 1:30:30]} 26. Rxd8+ {[%clk
1:30:30]} Rxd8 {[%clk 1:30:30]} 27. axb5 {[%clk 1:30:30]} axb5 {[%clk 1:30:30]}
28. Rd1 {[%clk 1:30:30]} Rxd1+ {[%clk 1:30:30]} 29. Bxd1 {[%clk 1:30:30]} Bxe4
{[%clk 1:30:30]} 30. Nf2 {[%clk 1:30:30]} Bd5 {[%clk 1:30:30]} 31. Ng4 {[%clk
1:30:30]} Nd3 {[%clk 1:30:30]} 32. b3 {[%clk 1:30:30]} cxb3 {[%clk 1:30:30]} 33.
Be2 {[%clk 1:30:30]} Bc4 {[%clk 1:30:30]} 34. Bd1 {[%clk 1:30:30]} Nb4 {[%clk
1:30:30]} 35. Ne3 {[%clk 1:30:30]} b2 {[%clk 1:30:30]} 0-1

[Event "Irena Warakomska Memorial B"]
[Site "Suwalki"]
[Date "2020.08.07"]
[Round "2"]
[White "Zawal, Krzysztof"]
[Black "Jasiulewicz, Dawid"]
[Result "0-1"]
[Board "24"]
[WhiteElo "1114"]
[WhiteCountry "POL"]
[WhiteFideId "21023255"]
[WhiteEloChange "-4"]
[BlackElo "1379"]
[BlackCountry "POL"]
[BlackFideId "21881375"]
[BlackEloChange "4"]

1. d4 {[%clk 1:30:30]} d5 {[%clk 1:30:30]} 2. c4 {[%clk 1:30:30]} e6 {[%clk
1:30:30]} 3. Nc3 {[%clk 1:30:30]} Nf6 {[%clk 1:30:30]} 4. Bg5 {[%clk 1:30:30]}
Nbd7 {[%clk 1:30:30]} 5. Nf3 {[%clk 1:30:30]} c6 {[%clk 1:30:30]} 6. e3 {[%clk
1:30:30]} Be7 {[%clk 1:30:30]} 7. cxd5 {[%clk 1:30:30]} exd5 {[%clk 1:30:30]} 8.
Bd3 {[%clk 1:30:30]} O-O {[%clk 1:30:30]} 9. O-O {[%clk 1:30:30]} Re8 {[%clk
1:30:30]} 10. Rc1 {[%clk 1:30:30]} Nf8 {[%clk 1:30:30]} 11. Ne5 {[%clk 1:30:30]}
N6d7 {[%clk 1:30:30]} 12. Bxe7 {[%clk 1:30:30]} Qxe7 {[%clk 1:30:30]} 13. Nxd7
{[%clk 1:30:30]} Bxd7 {[%clk 1:30:30]} 14. Qc2 {[%clk 1:30:30]} Qg5 {[%clk
1:30:30]} 15. Ne2 {[%clk 1:30:30]} Re6 {[%clk 1:30:30]} 16. Bf5 {[%clk 1:30:30]}
Rh6 {[%clk 1:30:30]} 17. Bxd7 {[%clk 1:30:30]} Nxd7 {[%clk 1:30:30]} 18. Ng3
{[%clk 1:30:30]} Nf6 {[%clk 1:30:30]} 19. Nf5 {[%clk 1:30:30]} Rh5 {[%clk
1:30:30]} 20. Ng3 {[%clk 1:30:30]} Rh4 {[%clk 1:30:30]} 21. Nf5 {[%clk 1:30:30]}
Re4 {[%clk 1:30:30]} 22. Ng3 {[%clk 1:30:30]} Re6 {[%clk 1:30:30]} 23. Qb3 {[%clk
1:30:30]} Re7 {[%clk 1:30:30]} 24. Qb4 {[%clk 1:30:30]} Ne4 {[%clk 1:30:30]} 25.
f4 {[%clk 1:30:30]} Qf6 {[%clk 1:30:30]} 26. Nh5 {[%clk 1:30:30]} Qd6 {[%clk
1:30:30]} 27. Qc3 {[%clk 1:30:30]} Qe6 {[%clk 1:30:30]} 28. Rce1 {[%clk 1:30:30]}
Nd6 {[%clk 1:30:30]} 29. Ng3 {[%clk 1:30:30]} Rae8 {[%clk 1:30:30]} 30. Qc5
{[%clk 1:30:30]} Qf6 {[%clk 1:30:30]} 31. Nh5 {[%clk 1:30:30]} Qg6 {[%clk
1:30:30]} 32. Ng3 {[%clk 1:30:30]} Rxe3 {[%clk 1:30:30]} 33. Rxe3 {[%clk
1:30:30]} Rxe3 {[%clk 1:30:30]} 34. f5 {[%clk 1:30:30]} Qf6 {[%clk 1:30:30]} 35.
Nh5 {[%clk 1:30:30]} Qd8 {[%clk 1:30:30]} 36. Ng3 {[%clk 1:30:30]} a6 {[%clk
1:30:30]} 37. Qc1 {[%clk 1:30:30]} Qe7 {[%clk 1:30:30]} 38. Kf2 {[%clk 1:30:30]}
Ne4+ {[%clk 1:30:30]} 39. Nxe4 {[%clk 1:30:30]} Rxe4 {[%clk 1:30:30]} 40. Re1
{[%clk 1:30:30]} Rxe1 {[%clk 1:30:30]} 41. Qxe1 {[%clk 1:30:30]} Qxe1+ {[%clk
1:30:30]} 42. Kxe1 {[%clk 1:30:30]} Kf8 {[%clk 1:30:30]} 43. Kf2 {[%clk 1:30:30]}
Ke7 {[%clk 1:30:30]} 44. Ke3 {[%clk 1:30:30]} Kd6 {[%clk 1:30:30]} 45. h4 {[%clk
1:30:30]} b6 {[%clk 1:30:30]} 46. g4 {[%clk 1:30:30]} c5 {[%clk 1:30:30]} 47. a3
{[%clk 1:30:30]} c4 {[%clk 1:30:30]} 48. a4 {[%clk 1:30:30]} b5 {[%clk 1:30:30]}
49. a5 {[%clk 1:30:30]} Ke7 {[%clk 1:30:30]} 50. h5 {[%clk 1:30:30]} g6 {[%clk
1:30:30]} 51. fxg6 {[%clk 1:30:30]} fxg6 {[%clk 1:30:30]} 52. g5 {[%clk 1:30:30]}
Ke6 {[%clk 1:30:30]} 53. Kf3 {[%clk 1:30:30]} 0-1

[Event "Irena Warakomska Memorial B"]
[Site "Suwalki"]
[Date "2020.08.07"]
[Round "2"]
[White "Wydornik, Robert"]
[Black "Dietrich, Grzegorz"]
[Result "1-0"]
[Board "25"]
[WhiteElo "1357"]
[WhiteCountry "POL"]
[WhiteFideId "1140256"]
[WhiteEloChange "6"]
[BlackElo "1189"]
[BlackCountry "POL"]
[BlackFideId "21023174"]
[BlackEloChange "-6"]

1. e4 {[%clk 1:30:30]} c5 {[%clk 1:30:30]} 2. Nf3 {[%clk 1:30:30]} Nc6 {[%clk
1:30:30]} 3. d4 {[%clk 1:30:30]} cxd4 {[%clk 1:30:30]} 4. Nxd4 {[%clk 1:30:30]}
g6 {[%clk 1:30:30]} 5. Nc3 {[%clk 1:30:30]} Bg7 {[%clk 1:30:30]} 6. Be3 {[%clk
1:30:30]} Nf6 {[%clk 1:30:30]} 7. f3 {[%clk 1:30:30]} O-O {[%clk 1:30:30]} 8. Qd2
{[%clk 1:30:30]} d5 {[%clk 1:30:30]} 9. exd5 {[%clk 1:30:30]} Nxd5 {[%clk
1:30:30]} 10. Nxc6 {[%clk 1:30:30]} bxc6 {[%clk 1:30:30]} 11. Bd4 {[%clk
1:30:30]} Nxc3 {[%clk 1:30:30]} 12. Bxc3 {[%clk 1:30:30]} Qxd2+ {[%clk 1:30:30]}
13. Kxd2 {[%clk 1:30:30]} Bxc3+ {[%clk 1:30:30]} 14. Kxc3 {[%clk 1:30:30]} Rd8
{[%clk 1:30:30]} 15. Be2 {[%clk 1:30:30]} Be6 {[%clk 1:30:30]} 16. Rad1 {[%clk
1:30:30]} Kg7 {[%clk 1:30:30]} 17. Rxd8 {[%clk 1:30:30]} Rxd8 {[%clk 1:30:30]}
18. Rd1 {[%clk 1:30:30]} Rxd1 {[%clk 1:30:30]} 19. Bxd1 {[%clk 1:30:30]} c5
{[%clk 1:30:30]} 20. Be2 {[%clk 1:30:30]} Kf6 {[%clk 1:30:30]} 21. Bc4 {[%clk
1:30:30]} Bd7 {[%clk 1:30:30]} 22. Bb3 {[%clk 1:30:30]} Bb5 {[%clk 1:30:30]} 23.
a3 {[%clk 1:30:30]} e6 {[%clk 1:30:30]} 24. Bc4 {[%clk 1:30:30]} Bc6 {[%clk
1:30:30]} 25. Bd3 {[%clk 1:30:30]} Bd5 {[%clk 1:30:30]} 26. b4 {[%clk 1:30:30]}
cxb4+ {[%clk 1:30:30]} 27. axb4 {[%clk 1:30:30]} Ke5 {[%clk 1:30:30]} 28. Kd2
{[%clk 1:30:30]} f5 {[%clk 1:30:30]} 29. c4 {[%clk 1:30:30]} Bb7 {[%clk 1:30:30]}
30. c5 {[%clk 1:30:30]} a6 {[%clk 1:30:30]} 31. c6 {[%clk 1:30:30]} Bxc6 {[%clk
1:30:30]} 32. Bxa6 {[%clk 1:30:30]} Kd6 {[%clk 1:30:30]} 33. Bc4 {[%clk 1:30:30]}
Bd5 {[%clk 1:30:30]} 34. Kd3 {[%clk 1:30:30]} e5 {[%clk 1:30:30]} 35. Kc3 {[%clk
1:30:30]} Bxc4 {[%clk 1:30:30]} 36. Kxc4 {[%clk 1:30:30]} g5 {[%clk 1:30:30]} 37.
b5 {[%clk 1:30:30]} h5 {[%clk 1:30:30]} 38. b6 {[%clk 1:30:30]} Kc6 {[%clk
1:30:30]} 39. b7 {[%clk 1:30:30]} Kxb7 {[%clk 1:30:30]} 40. Kd5 {[%clk 1:30:30]}
e4 {[%clk 1:30:30]} 41. fxe4 {[%clk 1:30:30]} fxe4 {[%clk 1:30:30]} 42. Kxe4
{[%clk 1:30:30]} h4 {[%clk 1:30:30]} 43. h3 {[%clk 1:30:30]} g4 {[%clk 1:30:30]}
44. hxg4 {[%clk 1:30:30]} Kc7 {[%clk 1:30:30]} 45. Kf4 {[%clk 1:30:30]} Kd7
{[%clk 1:30:30]} 46. Kg5 {[%clk 1:30:30]} Ke7 {[%clk 1:30:30]} 47. Kxh4 {[%clk
1:30:30]} Kf7 {[%clk 1:30:30]} 48. g5 {[%clk 1:30:30]} 1-0

[Event "Irena Warakomska Memorial B"]
[Site "Suwalki"]
[Date "2020.08.07"]
[Round "2"]
[White "Wisniewski, Wiktor"]
[Black "Cwiek, Stefan"]
[Result "0-1"]
[Board "26"]
[WhiteElo "1075"]
[WhiteCountry "POL"]
[WhiteFideId "1196294"]
[WhiteEloChange "-3"]
[BlackElo "1349"]
[BlackCountry "POL"]
[BlackFideId "21857628"]
[BlackEloChange "3"]

1. b3 {[%clk 1:30:30]} e5 {[%clk 1:30:30]} 2. Bb2 {[%clk 1:30:30]} Nc6 {[%clk
1:30:30]} 3. e3 {[%clk 1:30:30]} d6 {[%clk 1:30:30]} 4. Bb5 {[%clk 1:30:30]} Bd7
{[%clk 1:30:30]} 5. Ne2 {[%clk 1:30:30]} Nf6 {[%clk 1:30:30]} 6. O-O {[%clk
1:30:30]} a6 {[%clk 1:30:30]} 7. Bxc6 {[%clk 1:30:30]} Bxc6 {[%clk 1:30:30]} 8.
d4 {[%clk 1:30:30]} exd4 {[%clk 1:30:30]} 9. Nxd4 {[%clk 1:30:30]} Qd7 {[%clk
1:30:30]} 10. Nd2 {[%clk 1:30:30]} O-O-O {[%clk 1:30:30]} 11. Nxc6 {[%clk
1:30:30]} Qxc6 {[%clk 1:30:30]} 12. c4 {[%clk 1:30:30]} d5 {[%clk 1:30:30]} 13.
Qf3 {[%clk 1:30:30]} Bb4 {[%clk 1:30:30]} 14. Bxf6 {[%clk 1:30:30]} Qxf6 {[%clk
1:30:30]} 15. Qxf6 {[%clk 1:30:30]} gxf6 {[%clk 1:30:30]} 16. Rad1 {[%clk
1:30:30]} Bxd2 {[%clk 1:30:30]} 17. Rxd2 {[%clk 1:30:30]} dxc4 {[%clk 1:30:30]}
18. Rxd8+ {[%clk 1:30:30]} Rxd8 {[%clk 1:30:30]} 19. bxc4 {[%clk 1:30:30]} Rd2
{[%clk 1:30:30]} 20. g4 {[%clk 1:30:30]} Rc2 {[%clk 1:30:30]} 21. Rd1 {[%clk
1:30:30]} Rxc4 {[%clk 1:30:30]} 22. h3 {[%clk 1:30:30]} Rc5 {[%clk 1:30:30]} 23.
Kg2 {[%clk 1:30:30]} h5 {[%clk 1:30:30]} 24. Kg3 {[%clk 1:30:30]} hxg4 {[%clk
1:30:30]} 25. Kxg4 {[%clk 1:30:30]} Rg5+ {[%clk 1:30:30]} 26. Kf4 {[%clk
1:30:30]} c5 {[%clk 1:30:30]} 27. h4 {[%clk 1:30:30]} Rh5 {[%clk 1:30:30]} 28.
Kg4 {[%clk 1:30:30]} Rh6 {[%clk 1:30:30]} 29. e4 {[%clk 1:30:30]} Kc7 {[%clk
1:30:30]} 30. Rd5 {[%clk 1:30:30]} Kc6 {[%clk 1:30:30]} 31. Rf5 {[%clk 1:30:30]}
b5 {[%clk 1:30:30]} 32. e5 {[%clk 1:30:30]} fxe5 {[%clk 1:30:30]} 33. Rxf7 {[%clk
1:30:30]} Kd5 {[%clk 1:30:30]} 34. Kg5 {[%clk 1:30:30]} Rh8 {[%clk 1:30:30]} 35.
h5 {[%clk 1:30:30]} c4 {[%clk 1:30:30]} 36. h6 {[%clk 1:30:30]} Rc8 {[%clk
1:30:30]} 37. h7 {[%clk 1:30:30]} c3 {[%clk 1:30:30]} 38. Rg7 {[%clk 1:30:30]} c2
{[%clk 1:30:30]} 39. Rc7 {[%clk 1:30:30]} Rxc7 {[%clk 1:30:30]} 40. h8=Q {[%clk
1:30:30]} c1=Q+ {[%clk 1:30:30]} 41. Kg4 {[%clk 1:30:30]} Qf4+ {[%clk 1:30:30]}
42. Kh3 {[%clk 1:30:30]} Qf3+ {[%clk 1:30:30]} 43. Kh2 {[%clk 1:30:30]} Qxf2+
{[%clk 1:30:30]} 44. Kh3 {[%clk 1:30:30]} Rc3+ {[%clk 1:30:30]} 45. Kg4 {[%clk
1:30:30]} Rg3+ {[%clk 1:30:30]} 46. Kh4 {[%clk 1:30:30]} Qh2# {[%clk 1:30:30]}
0-1

[Event "Irena Warakomska Memorial B"]
[Site "Suwalki"]
[Date "2020.08.07"]
[Round "2"]
[White "Borowik, Monika"]
[Black "Pietryk, Hanna"]
[Result "1-0"]
[Board "27"]
[WhiteElo "1348"]
[WhiteCountry "POL"]
[WhiteFideId "21845123"]
[WhiteEloChange "5"]
[BlackElo "1161"]
[BlackCountry "POL"]
[BlackFideId "21003505"]
[BlackEloChange "-5"]

1. d4 {[%clk 1:30:30]} Nf6 {[%clk 1:30:30]} 2. c4 {[%clk 1:30:30]} g6 {[%clk
1:30:30]} 3. Nf3 {[%clk 1:30:30]} Bg7 {[%clk 1:30:30]} 4. Nc3 {[%clk 1:30:30]} c6
{[%clk 1:30:30]} 5. e4 {[%clk 1:30:30]} d6 {[%clk 1:30:30]} 6. Be2 {[%clk
1:30:30]} O-O {[%clk 1:30:30]} 7. O-O {[%clk 1:30:30]} h6 {[%clk 1:30:30]} 8. Be3
{[%clk 1:30:30]} Nh7 {[%clk 1:30:30]} 9. Qd2 {[%clk 1:30:30]} g5 {[%clk 1:30:30]}
10. b4 {[%clk 1:30:30]} Re8 {[%clk 1:30:30]} 11. Rfd1 {[%clk 1:30:30]} Nd7 {[%clk
1:30:30]} 12. Rac1 {[%clk 1:30:30]} Qc7 {[%clk 1:30:30]} 13. b5 {[%clk 1:30:30]}
e6 {[%clk 1:30:30]} 14. d5 {[%clk 1:30:30]} cxd5 {[%clk 1:30:30]} 15. cxd5 {[%clk
1:30:30]} exd5 {[%clk 1:30:30]} 16. Nxd5 {[%clk 1:30:30]} Qd8 {[%clk 1:30:30]}
17. Nc7 {[%clk 1:30:30]} Nb6 {[%clk 1:30:30]} 18. Qxd6 {[%clk 1:30:30]} Qxd6
{[%clk 1:30:30]} 19. Rxd6 {[%clk 1:30:30]} Bf8 {[%clk 1:30:30]} 20. Rdd1 {[%clk
1:30:30]} Rxe4 {[%clk 1:30:30]} 21. Nxa8 {[%clk 1:30:30]} Nxa8 {[%clk 1:30:30]}
22. Rxc8 {[%clk 1:30:30]} Nb6 {[%clk 1:30:30]} 23. Rcc1 {[%clk 1:30:30]} f5
{[%clk 1:30:30]} 24. Bd3 {[%clk 1:30:30]} Re7 {[%clk 1:30:30]} 25. Bxf5 {[%clk
1:30:30]} Nf6 {[%clk 1:30:30]} 26. Bc5 {[%clk 1:30:30]} Rg7 {[%clk 1:30:30]} 27.
Be6+ {[%clk 1:30:30]} Kh8 {[%clk 1:30:30]} 28. Bxf8 {[%clk 1:30:30]} Rh7 {[%clk
1:30:30]} 29. Ne5 {[%clk 1:30:30]} Nbd7 {[%clk 1:30:30]} 30. Ng6# {[%clk
1:30:30]} 1-0

[Event "Irena Warakomska Memorial B"]
[Site "Suwalki"]
[Date "2020.08.07"]
[Round "2"]
[White "Wysocka, Edyta"]
[Black "Zawal, Tomasz"]
[Result "1/2-1/2"]
[Board "28"]
[WhiteElo "1318"]
[WhiteCountry "POL"]
[WhiteFideId "21836663"]
[WhiteEloChange "-5"]
[BlackElo "1106"]
[BlackCountry "POL"]
[BlackFideId "21895724"]
[BlackEloChange "5"]

1. e4 {[%clk 1:30:30]} c6 {[%clk 1:30:30]} 2. d4 {[%clk 1:30:30]} d5 {[%clk
1:30:30]} 3. Nc3 {[%clk 1:30:30]} dxe4 {[%clk 1:30:30]} 4. Nxe4 {[%clk 1:30:30]}
Bf5 {[%clk 1:30:30]} 5. Ng3 {[%clk 1:30:30]} Bg6 {[%clk 1:30:30]} 6. h4 {[%clk
1:30:30]} h6 {[%clk 1:30:30]} 7. Nf3 {[%clk 1:30:30]} Nf6 {[%clk 1:30:30]} 8. h5
{[%clk 1:30:30]} Bh7 {[%clk 1:30:30]} 9. Bd3 {[%clk 1:30:30]} Bxd3 {[%clk
1:30:30]} 10. Qxd3 {[%clk 1:30:30]} e6 {[%clk 1:30:30]} 11. Be3 {[%clk 1:30:30]}
Bd6 {[%clk 1:30:30]} 12. Ne4 {[%clk 1:30:30]} Nxe4 {[%clk 1:30:30]} 13. Qxe4
{[%clk 1:30:30]} O-O {[%clk 1:30:30]} 14. Qd3 {[%clk 1:30:30]} Na6 {[%clk
1:30:30]} 15. O-O {[%clk 1:30:30]} c5 {[%clk 1:30:30]} 16. dxc5 {[%clk 1:30:30]}
Bxc5 {[%clk 1:30:30]} 17. Qxd8 {[%clk 1:30:30]} Rfxd8 {[%clk 1:30:30]} 18. Bxc5
{[%clk 1:30:30]} Nxc5 {[%clk 1:30:30]} 19. Rad1 {[%clk 1:30:30]} Na4 {[%clk
1:30:30]} 20. g4 {[%clk 1:30:30]} b6 {[%clk 1:30:30]} 21. Rxd8+ {[%clk 1:30:30]}
Rxd8 {[%clk 1:30:30]} 22. Rb1 {[%clk 1:30:30]} Rc8 {[%clk 1:30:30]} 23. c3 {[%clk
1:30:30]} Rc5 {[%clk 1:30:30]} 24. Nd4 {[%clk 1:30:30]} Rg5 {[%clk 1:30:30]} 25.
f3 {[%clk 1:30:30]} Kf8 {[%clk 1:30:30]} 26. Kf2 {[%clk 1:30:30]} Ke7 {[%clk
1:30:30]} 27. Ne2 {[%clk 1:30:30]} f5 {[%clk 1:30:30]} 28. Kg3 {[%clk 1:30:30]}
fxg4 {[%clk 1:30:30]} 29. fxg4 {[%clk 1:30:30]} Rb5 {[%clk 1:30:30]} 30. b3
{[%clk 1:30:30]} Re5 {[%clk 1:30:30]} 31. Nd4 {[%clk 1:30:30]} Nxc3 {[%clk
1:30:30]} 32. Nc6+ {[%clk 1:30:30]} Kd6 {[%clk 1:30:30]} 33. Nxe5 {[%clk
1:30:30]} Nxb1 {[%clk 1:30:30]} 34. Nd3 {[%clk 1:30:30]} Nc3 {[%clk 1:30:30]} 35.
Nc1 {[%clk 1:30:30]} Ke5 {[%clk 1:30:30]} 36. Kf3 {[%clk 1:30:30]} b5 {[%clk
1:30:30]} 37. Ke3 {[%clk 1:30:30]} b4 {[%clk 1:30:30]} 38. Nd3+ {[%clk 1:30:30]}
Kd5 {[%clk 1:30:30]} 39. Nxb4+ {[%clk 1:30:30]} Kc5 {[%clk 1:30:30]} 40. Nd3+
{[%clk 1:30:30]} Kd5 {[%clk 1:30:30]} 41. Nc1 {[%clk 1:30:30]} Ne4 {[%clk
1:30:30]} 42. Ne2 {[%clk 1:30:30]} Nf6 {[%clk 1:30:30]} 43. Kf4 {[%clk 1:30:30]}
e5+ {[%clk 1:30:30]} 44. Kf3 {[%clk 1:30:30]} Kc5 {[%clk 1:30:30]} 45. a3 {[%clk
1:30:30]} a6 {[%clk 1:30:30]} 46. Kg3 {[%clk 1:30:30]} Ne4+ {[%clk 1:30:30]} 47.
Kf3 {[%clk 1:30:30]} Nd2+ {[%clk 1:30:30]} 48. Ke3 {[%clk 1:30:30]} Nxb3 {[%clk
1:30:30]} 49. Ke4 {[%clk 1:30:30]} Nd4 {[%clk 1:30:30]} 50. Nc1 {[%clk 1:30:30]}
Kd6 {[%clk 1:30:30]} 51. Nd3 {[%clk 1:30:30]} Nb5 {[%clk 1:30:30]} 52. Nxe5
{[%clk 1:30:30]} Nxa3 {[%clk 1:30:30]} 53. Kf5 {[%clk 1:30:30]} Ke7 {[%clk
1:30:30]} 54. Kg6 {[%clk 1:30:30]} Kf8 {[%clk 1:30:30]} 55. Nd7+ {[%clk 1:30:30]}
Kg8 {[%clk 1:30:30]} 56. Nc5 {[%clk 1:30:30]} a5 {[%clk 1:30:30]} 57. Ne6 {[%clk
1:30:30]} Nc4 {[%clk 1:30:30]} 58. Nxg7 {[%clk 1:30:30]} a4 {[%clk 1:30:30]} 59.
Nf5 {[%clk 1:30:30]} a3 {[%clk 1:30:30]} 60. Nd4 {[%clk 1:30:30]} a2 {[%clk
1:30:30]} 61. Nb3 {[%clk 1:30:30]} Ne5+ {[%clk 1:30:30]} 62. Kxh6 {[%clk
1:30:30]} Nxg4+ {[%clk 1:30:30]} 63. Kg5 {[%clk 1:30:30]} Ne5 {[%clk 1:30:30]}
64. Kf5 {[%clk 1:30:30]} Nc4 {[%clk 1:30:30]} 65. Kg6 {[%clk 1:30:30]} 1/2-1/2